| 000 | 00773nam a22002057a 4500 | ||
|---|---|---|---|
| 003 | NALT | ||
| 005 | 20230816150741.0 | ||
| 008 | s2011 eng d | ||
| 040 | _aNALT | ||
| 041 | _aeng | ||
| 050 |
_aHE 192.55.T5 _bM56S 2011 |
||
| 110 | 2 |
_920328 _aMinistry of Transport. _bOffice of Transport and Traffic Policy and Planning |
|
| 245 | 1 | 4 |
_aThe study national transport master plan development : _bexecutive summary report / _cOffice of transport and traffic policy Ministry of transport. |
| 260 |
_aBangkok : _bOffice of transport and traffic policy. Ministry of transport, _c2011. |
||
| 300 |
_a1 v. : _btables ; _c29 cm. |
||
| 650 | 0 |
_aTransportation _941129 _zThailand |
|
| 650 | 0 |
_aTransportation _937648 |
|
| 850 | _aNALT | ||
| 942 |
_cRSH _2lcc |
||
| 999 |
_c63309 _d63309 |
||
| 998 |
_j104 _k นางสาวสายฝน ดีงาม |
||